000 00314nam a2200121Ia 4500
008 151001s9999||||xx |||||||||||||| ||und||
100 _aहरी नारायण आपटे
245 _aमी
250 _a1
260 _b-
300 _a130
365 _b7
999 _c949277
_d949274